[Event "Guernsey International Chess Festival 2"]
[Site "?"]
[Date "2019.10.23"]
[Round "4.20"]
[White "Korte, Markus"]
[Black "Fassaert, Desire JM"]
[Result "1-0"]
[WhiteElo "1975"]
[BlackElo "1952"]
[PlyCount "93"]
[EventDate "2019.??.??"]

1. e4 c6 2. d4 d5 3. exd5 cxd5 4. Bd3 Nc6 5. c3 Nf6 6. Bf4 Bg4 7. Qb3 Qc8 8.
Nd2 e6 9. Ngf3 Be7 10. O-O Bh5 11. Rfe1 O-O 12. Ne5 Nd7 13. Nxd7 Qxd7 14. Re3
Bf6 15. Rae1 Rfe8 16. Qc2 Bg6 17. Nf3 Bxd3 18. Qxd3 g6 19. h4 h5 20. Ng5 Kg7
21. Rf3 Rf8 22. Qd2 Rae8 23. Nh3 Rh8 24. Ng5 Rhf8 25. Rfe3 Kg8 26. Qd3 Kg7 27.
Bh2 Qd8 28. Rg3 Qd7 29. Rf3 e5 30. Rxf6 Kxf6 31. Nh7+ Kg7 32. Nxf8 Kxf8 33.
dxe5 Qe6 34. Qe3 Kg8 35. Qh6 f5 36. Qe3 a6 37. Qb6 Nd8 38. Qc7 Qe7 39. Qb6 Qe6
40. Qe3 Kg7 41. Bf4 Qc6 42. Bg5 Ne6 43. Bf6+ Kh7 44. Rd1 Qc4 45. b3 Qc6 46. Qd2
Nc7 47. c4 1-0

[Event "Guernsey International Chess Festival 2"]
[Site "?"]
[Date "2019.10.24"]
[Round "5.6"]
[White "Purdon, Colin"]
[Black "Thurlow, Kevin J"]
[Result "1/2-1/2"]
[WhiteElo "1993"]
[BlackElo "2021"]
[PlyCount "87"]
[EventDate "2019.??.??"]

1. d4 Nf6 2. c4 c5 3. d5 b5 4. Nf3 bxc4 5. Nc3 g6 6. e4 d6 7. Bxc4 Bg7 8. O-O
Nbd7 9. Re1 Ng4 10. h3 Nge5 11. Nxe5 Nxe5 12. Bf1 O-O 13. Be3 Qa5 14. f4 Nd7
15. Qd2 Rb8 16. Rac1 Ba6 17. Bxa6 Qxa6 18. Rc2 Rb4 19. e5 dxe5 20. fxe5 Bxe5
21. Bxc5 Nxc5 22. Rxe5 Nd3 23. Rxe7 Nxb2 24. Qf2 Nd3 25. Qe3 Rb6 26. Rd2 Nb2
27. Qd4 Nc4 28. Rde2 Nd6 29. R7e5 Qa3 30. Kh2 Nf5 31. Qd2 Nd6 32. Qd4 Nf5 33.
Qd2 Qd6 34. Qf4 f6 35. R5e4 Rc8 36. Re8+ Rxe8 37. Rxe8+ Kf7 38. Qxd6 Nxd6 39.
Rd8 Ra6 40. a4 Ke7 41. Rh8 h5 42. Rb8 f5 43. Rb2 Ne4 44. Re2 1/2-1/2

[Event "Guernsey International Chess Festival 2"]
[Site "?"]
[Date "2019.10.24"]
[Round "5.7"]
[White "Pleasants, Allan J"]
[Black "Van Dijk, Bram"]
[Result "1/2-1/2"]
[WhiteElo "2019"]
[BlackElo "1982"]
[PlyCount "82"]
[EventDate "2019.??.??"]

1. e4 c6 2. d4 g6 3. h3 d5 4. Nc3 dxe4 5. Nxe4 Nd7 6. Nf3 Bg7 7. Bd3 Qc7 8. O-O
Ngf6 9. Nxf6+ Nxf6 10. Re1 O-O 11. c3 h6 12. Qe2 e6 13. Ne5 Nd5 14. c4 Ne7 15.
Bf4 Qb6 16. Be3 Qc7 17. Qd2 Kh7 18. Bf4 Qd8 19. Rad1 Nf5 20. Bc2 Qf6 21. Nf3
Nh4 22. Nxh4 Qxh4 23. Be5 Rd8 24. Re4 Qh5 25. Qf4 Qf5 26. Qc1 Qg5 27. Bf4 Qh5
28. Bg3 Kg8 29. Bc7 Rd7 30. Be5 b6 31. Ba4 Bb7 32. Bxg7 Kxg7 33. Qc3 Kg8 34.
Rde1 Rdd8 35. Qe3 Qg5 36. f4 Qf6 37. Re5 c5 38. dxc5 bxc5 39. Rxc5 Qxb2 40. Re2
Qa1+ 41. Kh2 Qd4 1/2-1/2

[Event "Guernsey International Chess Festival 2"]
[Site "?"]
[Date "2019.10.24"]
[Round "5.9"]
[White "Reijneveld, Ad"]
[Black "Prins, Jan H"]
[Result "1/2-1/2"]
[WhiteElo "2056"]
[BlackElo "1987"]
[PlyCount "108"]
[EventDate "2019.??.??"]

1. e4 c6 2. Nc3 d5 3. Nf3 d4 4. Nb1 Bg4 5. Bc4 e6 6. h3 Bh5 7. d3 Bg6 8. c3
dxc3 9. bxc3 Nd7 10. O-O Be7 11. Bb3 Nc5 12. Bc2 Qc7 13. Qe2 b5 14. d4 Nd7 15.
a4 Rb8 16. g3 Rb7 17. Kg2 b4 18. cxb4 Bxb4 19. Na3 Ngf6 20. Nc4 O-O 21. Bf4 Qd8
22. Rab1 a5 23. Rfd1 Qa8 24. Nfe5 Nxe5 25. dxe5 Ne8 26. Be3 c5 27. f4 Rc7 28.
Qf3 f5 29. exf5 Qxf3+ 30. Kxf3 Bxf5 31. Bxf5 Rxf5 32. Rd8 Rf8 33. Rbd1 g6 34.
Ra8 Rcf7 35. Rdd8 Ng7 36. Ke4 Rxd8 37. Rxd8+ Rf8 38. Rxf8+ Kxf8 39. g4 Ke7 40.
Kd3 Kd7 41. Nd6 Kc6 42. Kc4 h5 43. Ne4 hxg4 44. hxg4 Ba3 45. Nxc5 Bxc5 46. Bxc5
Ne8 47. Be3 Nc7 48. Bd2 Kb6 49. Kd4 Na6 50. Be3 Kc6 51. Kc4 Nc7 52. Bd2 Kb6 53.
Bc3 Nd5 54. Bd2 Nc7 1/2-1/2

[Event "Guernsey International Chess Festival 2"]
[Site "?"]
[Date "2019.10.24"]
[Round "5.10"]
[White "Brookfield, Toby"]
[Black "Collier, David O"]
[Result "0-1"]
[WhiteElo "1804"]
[BlackElo "2009"]
[PlyCount "50"]
[EventDate "2019.??.??"]

1. e4 b6 2. Nc3 Bb7 3. f4 e6 4. Be2 c5 5. Nf3 Nf6 6. d3 d5 7. e5 Nfd7 8. O-O g6
9. h4 Nc6 10. h5 a6 11. Qe1 Be7 12. Qg3 Nd4 13. Bd1 Nxf3+ 14. Bxf3 Qc7 15. hxg6
hxg6 16. f5 gxf5 17. Bf4 O-O-O 18. Nxd5 Bxd5 19. Bxd5 Rdg8 20. Qf3 Nb8 21. Bc4
b5 22. Bb3 Nc6 23. a4 Nd4 24. Qa8+ Kd7 25. Qxa6 Ra8 0-1

[Event "Guernsey International Chess Festival 2"]
[Site "?"]
[Date "2019.10.24"]
[Round "5.11"]
[White "Rosen, Daniel B"]
[Black "Dijksterhuis, Rolf"]
[Result "1-0"]
[WhiteElo "1990"]
[BlackElo "1937"]
[PlyCount "61"]
[EventDate "2019.??.??"]

1. e4 c5 2. Nc3 Nc6 3. g3 g6 4. Bg2 Bg7 5. d3 e6 6. Nf3 Nge7 7. O-O O-O 8. Ne2
d5 9. c3 b6 10. exd5 exd5 11. d4 cxd4 12. Nexd4 Bg4 13. h3 Bd7 14. Bg5 h6 15.
Nxc6 Bxc6 16. Bf4 g5 17. Be5 f6 18. Bd4 Qd7 19. a4 Rab8 20. Qc2 Qf5 21. Qxf5
Nxf5 22. a5 bxa5 23. Rxa5 Rxb2 24. c4 Rb3 25. Bxa7 Rd8 26. g4 Ne7 27. Bc5 Rb7
28. Nd4 Be8 29. Bxe7 Rxe7 30. Bxd5+ Bf7 31. Nc6 1-0

[Event "Guernsey International Chess Festival 2"]
[Site "?"]
[Date "2019.10.24"]
[Round "5.12"]
[White "Sedgwick, David R"]
[Black "Taylor, Mark V"]
[Result "0-1"]
[WhiteElo "1999"]
[BlackElo "1921"]
[PlyCount "82"]
[EventDate "2019.??.??"]

1. e4 c5 2. c3 Nf6 3. e5 Nd5 4. d4 cxd4 5. cxd4 e6 6. Nc3 Nxc3 7. bxc3 Qc7 8.
Bd2 b6 9. Nf3 Bb7 10. Bd3 d6 11. O-O Nd7 12. Re1 dxe5 13. dxe5 Be7 14. Be4 Nc5
15. Bxb7 Qxb7 16. Qe2 O-O 17. Nd4 Rfd8 18. Qg4 Rd5 19. Re3 Bf8 20. h4 Rad8 21.
h5 Nd7 22. Rae1 Qc7 23. Nxe6 Nxe5 24. Rxe5 fxe6 25. Qxe6+ Qf7 26. Qxf7+ Kxf7
27. Bg5 Rxe5 28. Rxe5 Rd1+ 29. Kh2 Bd6 30. Bf4 Bxe5 31. Bxe5 Rd2 32. a3 Rxf2
33. Kg3 Ra2 34. Bd6 Rb2 35. Bb8 a6 36. a4 Rb3 37. Be5 Ra3 38. Bd4 Rxa4 39. Bxb6
Rc4 40. Ba5 Rc5 41. Bb4 Rxh5 0-1

[Event "Guernsey International Chess Festival 2"]
[Site "?"]
[Date "2019.10.24"]
[Round "5.13"]
[White "Gravett, Alan D"]
[Black "Hamperl, Fred A"]
[Result "1/2-1/2"]
[WhiteElo "1831"]
[BlackElo "1995"]
[PlyCount "29"]
[EventDate "2019.??.??"]

1. Nf3 c5 2. c4 Nc6 3. Nc3 e5 4. d3 g6 5. g3 Bg7 6. Nd5 Nge7 7. Bg5 h6 8. Bf6
O-O 9. Nxe7+ Nxe7 10. Bxg7 Kxg7 11. Nxe5 d5 12. Bg2 f6 13. Nf3 dxc4 14. dxc4
Qb6 15. Qc2 1/2-1/2

[Event "Guernsey International Chess Festival 2"]
[Site "?"]
[Date "2019.10.24"]
[Round "5.14"]
[White "Kraft, Karl Heinz"]
[Black "Rowe, Peter"]
[Result "1-0"]
[WhiteElo "1986"]
[BlackElo "1957"]
[PlyCount "89"]
[EventDate "2019.??.??"]

1. e4 c5 2. c3 e5 3. Nf3 Nc6 4. Bc4 Be7 5. O-O Nf6 6. d3 d6 7. Ng5 O-O 8. f4
Na5 9. Na3 Nxc4 10. Nxc4 b5 11. fxe5 bxc4 12. exf6 Bxf6 13. Nf3 cxd3 14. Qxd3
Qb6 15. Qc2 Bg4 16. Be3 a5 17. Rad1 Rad8 18. Rd2 Rfe8 19. Bf4 Be5 20. Bxe5 dxe5
21. Rfd1 c4+ 22. Kf1 Qf6 23. Rxd8 Rxd8 24. Rxd8+ Qxd8 25. Qd2 Qxd2 26. Nxd2 Be6
27. b3 cxb3 28. axb3 Kf8 29. Ke2 Ke7 30. Kd3 f5 31. exf5 Bxf5+ 32. Kc4 Bc2 33.
Kd5 e4 34. Kd4 a4 35. bxa4 Bxa4 36. Nxe4 Bc6 37. Ke5 Bb5 38. g3 Be2 39. Nd6 Kd7
40. Nf5 g6 41. Ne3 Kc6 42. h4 h5 43. Kf6 Bd3 44. Ng2 Kc5 45. Nf4 1-0

[Event "Guernsey International Chess Festival 2"]
[Site "?"]
[Date "2019.10.24"]
[Round "5.15"]
[White "Agustsson, Hafsteinn"]
[Black "Magnussen, Pal"]
[Result "0-1"]
[WhiteElo "1804"]
[BlackElo "1983"]
[PlyCount "104"]
[EventDate "2019.??.??"]

1. e4 e5 2. Nf3 Nc6 3. Bb5 a6 4. Ba4 Nf6 5. O-O b5 6. Bb3 Be7 7. Re1 O-O 8. c3
d6 9. h3 Nb8 10. d4 Nbd7 11. Nbd2 Bb7 12. Bc2 Re8 13. Nf1 Bf8 14. Ng3 c6 15. b3
Qc7 16. Bb2 Rad8 17. Rc1 d5 18. Bb1 dxe4 19. Nxe4 Nxe4 20. Bxe4 Nf6 21. Bb1 e4
22. Nd2 Qf4 23. Nf1 c5 24. Qd2 Qh4 25. Re2 Bd6 26. Rce1 Bf4 27. Qd1 Qg5 28. Bc1
Bxc1 29. Qxc1 Qxc1 30. Rxc1 cxd4 31. cxd4 Rxd4 32. Ng3 h5 33. Rce1 Kf8 34. Nf5
Rd7 35. b4 g6 36. Ne3 Red8 37. Bc2 Rd2 38. Bb3 Rxe2 39. Rxe2 Rd4 40. Nc2 Rd1+
41. Kh2 Nd7 42. Ne3 Rd4 43. Nc2 Rd6 44. Kg3 Kg7 45. Kf4 f5 46. g4 fxg4 47. hxg4
Rf6+ 48. Kg3 Rf3+ 49. Kh4 Rf4 50. Ne3 Nf6 51. Kg5 Rf3 52. gxh5 Nh7+ 0-1

[Event "Guernsey International Chess Festival 2"]
[Site "?"]
[Date "2019.10.24"]
[Round "5.16"]
[White "Sikkel, Dirk"]
[Black "Korte, Markus"]
[Result "1-0"]
[WhiteElo "1918"]
[BlackElo "1975"]
[PlyCount "123"]
[EventDate "2019.??.??"]

1. e4 e5 2. Nf3 Nf6 3. d4 Nxe4 4. dxe5 d5 5. Nbd2 Nc5 6. Nb3 Ne6 7. c4 dxc4 8.
Qxd8+ Nxd8 9. Bxc4 Bb4+ 10. Nfd2 Nbc6 11. f4 Be6 12. Bxe6 Nxe6 13. a3 Be7 14.
Nf3 a5 15. f5 Nc5 16. Nxc5 Bxc5 17. Bf4 O-O-O 18. Rc1 Bb6 19. Ke2 Nd4+ 20. Nxd4
Rxd4 21. g3 Re8 22. Rhd1 c6 23. Rd3 Rxd3 24. Kxd3 Rd8+ 25. Kc2 Bd4 26. Kb3 Re8
27. Re1 Kd7 28. Rd1 c5 29. Kc4 Kc6 30. a4 Bxe5 31. Rd5 Bxf4 32. Rxc5+ Kd6 33.
Rd5+ Kc6 34. Rc5+ Kb6 35. Rb5+ Ka6 36. gxf4 Re4+ 37. Kb3 Rxf4 38. Rd5 Rb4+ 39.
Ka3 Rf4 40. Rd6+ Ka7 41. Rd5 Kb6 42. Rb5+ Ka6 43. Rd5 h5 44. Rd6+ Ka7 45. Rd5
Kb6 46. Rd6+ Kc5 47. Rd7 Rxf5 48. Rxb7 Kc6 49. Rb3 g5 50. Rc3+ Kd5 51. b4 Kd4
52. Rb3 axb4+ 53. Kxb4 Kd5 54. Kb5 Kd6+ 55. Kb6 Kd7 56. Rb5 Rf6+ 57. Kb7 Rf4
58. a5 f5 59. a6 Ke6 60. a7 Ra4 61. Rb6+ Ke5 62. Ra6 1-0

[Event "Guernsey International Chess Festival 2"]
[Site "?"]
[Date "2019.10.24"]
[Round "5.17"]
[White "Spanton, Timothy R"]
[Black "Canonne, Antoine"]
[Result "1/2-1/2"]
[WhiteElo "1927"]
[BlackElo "1908"]
[PlyCount "98"]
[EventDate "2019.??.??"]

1. Nf3 Nc6 2. e4 e5 3. Bb5 a6 4. Bxc6 dxc6 5. d4 exd4 6. Qxd4 Qxd4 7. Nxd4 c5
8. Ne2 Nf6 9. Nbc3 Bd7 10. f3 O-O-O 11. Be3 Bd6 12. O-O-O Rhe8 13. h3 Bc6 14.
Bg5 Be7 15. Rxd8+ Bxd8 16. Rd1 h6 17. Bxf6 Bxf6 18. g3 g6 19. Nd5 Bxd5 20. Rxd5
b6 21. c3 Bg7 22. Rd2 c6 23. Rd3 Kc7 24. b3 b5 25. c4 b4 26. Re3 Bd4 27. Rd3
Bg7 28. Rd1 a5 29. g4 a4 30. bxa4 Ra8 31. Kc2 Rxa4 32. Kb1 Ra8 33. h4 Re8 34.
Rd2 Bf6 35. h5 gxh5 36. gxh5 Re5 37. Ng3 Rg5 38. Nf5 Rxh5 39. Nd6 Bc3 40. Ne8+
Kb6 41. Re2 f6 42. f4 Ka5 43. Ng7 Rh4 44. e5 fxe5 45. fxe5 Rxc4 46. e6 Bf6 47.
e7 Bxe7 48. Rxe7 Rh4 49. Re5 Rh1+ 1/2-1/2

[Event "Guernsey International Chess Festival 2"]
[Site "?"]
[Date "2019.10.24"]
[Round "5.18"]
[White "Dilleigh, Stephen P"]
[Black "Burton, Ronnie"]
[Result "1-0"]
[WhiteElo "2037"]
[BlackElo "1862"]
[PlyCount "117"]
[EventDate "2019.??.??"]

1. Nf3 c5 2. c4 Nc6 3. Nc3 e5 4. g3 g6 5. Bg2 Bg7 6. O-O Nge7 7. a3 O-O 8. Rb1
a5 9. Ne1 d6 10. Nc2 Bf5 11. d3 Rb8 12. b4 axb4 13. axb4 b6 14. b5 Nd4 15. Ne3
Bc8 16. Ned5 Nxd5 17. Bxd5 Bb7 18. e3 Nf5 19. Bb2 Ne7 20. Bxb7 Rxb7 21. Qf3 Qa8
22. Ra1 Ra7 23. e4 Qb7 24. Rxa7 Qxa7 25. Ra1 Qb7 26. Qd1 Ra8 27. Ra4 Bh6 28.
Qa1 Rxa4 29. Qxa4 Bd2 30. Qa6 Qb8 31. Na4 Ba5 32. Bc3 Bxc3 33. Nxc3 Kf8 34. Qa1
Kg7 35. f4 f6 36. Qa6 Kf7 37. Na4 Nc8 38. f5 g5 39. Nc3 Ne7 40. Kg2 Kg7 41. Kf3
Kg8 42. Na4 Nc8 43. h4 h6 44. hxg5 hxg5 45. Nc3 Ne7 46. Nd1 Kg7 47. Ne3 Kf7 48.
Qa1 Kg7 49. Ng4 Qh8 50. Qa7 Qh1+ 51. Kf2 Kf7 52. Qd7 Kf8 53. Qd8+ Kf7 54. Qxd6
Qc1 55. Qxf6+ Ke8 56. Qh8+ Kd7 57. Kg2 Qd2+ 58. Nf2 g4 59. Qxe5 1-0

[Event "Guernsey International Chess Festival 2"]
[Site "?"]
[Date "2019.10.24"]
[Round "5.19"]
[White "Murray, J Stephen"]
[Black "Goris, Ton"]
[Result "0-1"]
[WhiteElo "1736"]
[BlackElo "1913"]
[PlyCount "90"]
[EventDate "2019.??.??"]

1. e4 e6 2. d4 d5 3. Nd2 Nf6 4. e5 Nfd7 5. Bd3 c5 6. c3 Nc6 7. Ne2 cxd4 8. cxd4
f6 9. exf6 Nxf6 10. Nf3 Bd6 11. O-O O-O 12. Re1 e5 13. dxe5 Nxe5 14. Nxe5 Bxe5
15. Ng3 Qd6 16. Qc2 Bd7 17. Bg5 Rac8 18. Qd2 Ng4 19. Re2 h6 20. Bh4 g5 21. Bxg5
hxg5 22. Qxg5+ Bg7 23. h3 Nf6 24. Nh5 Nxh5 25. Qxh5 Rf6 26. Rae1 Rh6 27. Qg5
Rf8 28. Re7 Rf7 29. Rxf7 Kxf7 30. Re3 Rf6 31. Rg3 Bf8 32. Re3 Be6 33. Qh5+ Ke7
34. Qh7+ Rf7 35. Qh4+ Kd7 36. Qa4+ Kc7 37. Qxa7 Bd7 38. Qa5+ Kb8 39. Qd8+ Bc8
40. Qe8 Rc7 41. g3 Bg7 42. b3 Bd4 43. Rf3 Re7 44. Qg8 Rg7 45. Qe8 Rxg3+ 0-1

[Event "Guernsey International Chess Festival 2"]
[Site "?"]
[Date "2019.10.24"]
[Round "5.20"]
[White "Kirby, Peter J"]
[Black "De Kruif, Kees"]
[Result "1-0"]
[WhiteElo "2004"]
[BlackElo "1985"]
[PlyCount "115"]
[EventDate "2019.??.??"]

1. Nf3 c5 2. c4 e6 3. g3 Nf6 4. Bg2 d5 5. cxd5 exd5 6. d4 Nc6 7. O-O Be6 8. Nc3
cxd4 9. Nxd4 Be7 10. Be3 O-O 11. Rc1 Qd7 12. Nxc6 bxc6 13. Na4 Bh3 14. Bc5 Rfe8
15. e3 Bxg2 16. Kxg2 h5 17. h3 Rac8 18. Qd4 Ne4 19. Bxe7 Rxe7 20. Nc5 Nxc5 21.
Rxc5 Re4 22. Qd3 h4 23. g4 Re6 24. Rfc1 Rb8 25. b3 Rb4 26. Qc3 Rb6 27. Rd1 Qe7
28. Rd4 Rf6 29. Ra5 Rb7 30. Qc5 Qxc5 31. Rxc5 Re6 32. Kf3 g5 33. Ra4 Kf8 34.
Ra6 Ke8 35. Rcxc6 Rxc6 36. Rxc6 Kd7 37. Rf6 Ke7 38. Rf5 f6 39. Rxd5 Ke6 40. Ra5
Rc7 41. b4 Kd6 42. a3 Ke6 43. Ra6+ Ke5 44. a4 Rb7 45. b5 f5 46. Rg6 fxg4+ 47.
Kxg4 Rf7 48. f3 Kd5 49. Rxg5+ Kc4 50. Re5 Kb4 51. Re4+ Kc5 52. f4 Rh7 53. Kg5
Kd5 54. Re5+ Kc4 55. Kg6 Rb7 56. f5 Kb4 57. Re4+ Kc5 58. f6 1-0

[Event "Guernsey International Chess Festival 2"]
[Site "?"]
[Date "2019.10.25"]
[Round "6.1"]
[White "Hebden, Mark L"]
[Black "Heppell, Ian N"]
[Result "1-0"]
[WhiteElo "2427"]
[BlackElo "1995"]
[PlyCount "97"]
[EventDate "2019.??.??"]

1. Nc3 Nf6 2. d4 d5 3. Bf4 e6 4. Nb5 Na6 5. e3 c6 6. Nc3 Qa5 7. Bxa6 Qxa6 8.
Nge2 c5 9. O-O Bd7 10. a4 Be7 11. dxc5 Bxc5 12. Nd4 O-O 13. Be5 Be7 14. Ndb5
Rac8 15. Qd4 Rc4 16. Qxa7 Qc6 17. Nd4 Qc8 18. Ncb5 Bc5 19. Qa5 Bb4 20. Qb6 Ne8
21. b3 Bc5 22. Qa5 Bb4 23. Qa7 f6 24. Bg3 Bc5 25. Qb8 Bxd4 26. bxc4 Bxa1 27.
Qxc8 Bxc8 28. Rxa1 dxc4 29. Na3 e5 30. Nxc4 Be6 31. Nb6 Nd6 32. f4 Ne4 33. fxe5
Nxg3 34. hxg3 fxe5 35. Rb1 Rd8 36. Rb5 Bf5 37. c4 Re8 38. Nd5 Bd3 39. Rxb7 Bxc4
40. Nb6 Bd3 41. a5 Be4 42. Rd7 Re6 43. Nc4 h6 44. Nd6 Bc6 45. Rd8+ Kh7 46. a6
Re7 47. Rc8 Bd5 48. e4 Be6 49. Re8 1-0

[Event "Guernsey International Chess Festival 2"]
[Site "?"]
[Date "2019.10.25"]
[Round "6.2"]
[White "Povah, Nigel E"]
[Black "Bianco, Valerio"]
[Result "1-0"]
[WhiteElo "2301"]
[BlackElo "2088"]
[PlyCount "95"]
[EventDate "2019.??.??"]

1. d4 d5 2. Bf4 Nf6 3. e3 e6 4. Nd2 Bd6 5. Bg3 O-O 6. Bd3 c5 7. c3 Qc7 8. Bh4
Nbd7 9. f4 b6 10. Ngf3 Bb7 11. Qb1 g6 12. Ne5 Ne8 13. O-O c4 14. Bc2 f5 15.
Ndf3 b5 16. Qe1 Ndf6 17. Bg5 Ng7 18. Bxf6 Rxf6 19. Qh4 Ne8 20. g4 Qe7 21. Rf2
Rf8 22. Ng5 Nf6 23. gxf5 exf5 24. Rg2 Bxe5 25. fxe5 Ne4 26. Rf1 Rae8 27. Rf3
Bc8 28. Qf4 Nxg5 29. Rxg5 Kh8 30. Rfg3 Be6 31. a3 Rg8 32. Rh3 a5 33. Rhg3 Qf7
34. Qh4 Rg7 35. Rg2 Re7 36. Qf4 Kg8 37. h4 h6 38. R5g3 Kh7 39. Kh2 Qf8 40. Rf3
Ref7 41. Rfg3 Qe7 42. Kg1 b4 43. axb4 axb4 44. cxb4 Qxb4 45. Qf1 Qxb2 46. h5
gxh5 47. Bxf5+ Bxf5 48. Qxf5+ 1-0

[Event "Guernsey International Chess Festival 2"]
[Site "?"]
[Date "2019.10.25"]
[Round "6.3"]
[White "Baker, Chris W"]
[Black "Collier, David O"]
[Result "1-0"]
[WhiteElo "2245"]
[BlackElo "2009"]
[PlyCount "71"]
[EventDate "2019.??.??"]

1. d4 d5 2. Nf3 Nf6 3. c4 c6 4. e3 e6 5. Qc2 Be7 6. Nbd2 O-O 7. b3 Nbd7 8. Bb2
Re8 9. Bd3 Nf8 10. O-O Bd7 11. Ne5 Rc8 12. Ndf3 h6 13. c5 Ra8 14. b4 a6 15.
Rfc1 Qc7 16. Nd2 Rec8 17. f4 Be8 18. Rf1 N6d7 19. Bc3 f6 20. Nxd7 Nxd7 21. f5
e5 22. e4 exd4 23. Bxd4 Bf7 24. exd5 cxd5 25. Rae1 Bf8 26. Re6 Bxe6 27. fxe6
Ne5 28. Bf5 Be7 29. Nb3 a5 30. Nxa5 Rxa5 31. bxa5 Bxc5 32. Qxc5 Qxc5 33. Bxc5
Rxc5 34. Rb1 g6 35. Rxb7 Rxa5 36. Rb8+ 1-0

[Event "Guernsey International Chess Festival 2"]
[Site "?"]
[Date "2019.10.25"]
[Round "6.5"]
[White "Curtis, John E"]
[Black "Wager, John D"]
[Result "0-1"]
[WhiteElo "2059"]
[BlackElo "2013"]
[PlyCount "68"]
[EventDate "2019.??.??"]

1. d4 Nf6 2. Nf3 d5 3. e3 g6 4. c4 Bg7 5. Nc3 O-O 6. Bd3 dxc4 7. Bxc4 Nbd7 8.
O-O a6 9. a4 e6 10. Qe2 c6 11. e4 c5 12. dxc5 Nxc5 13. e5 Ng4 14. h3 Nh6 15.
Bg5 Qc7 16. Rac1 Kh8 17. Ba2 Qa5 18. Qc4 Nd7 19. b4 Qb6 20. a5 Qa7 21. Ne4 Ng8
22. Qc7 Qb8 23. Nd6 h6 24. Bf4 Ne7 25. Rfd1 Nc6 26. Rxc6 bxc6 27. Qxc6 Ra7 28.
Rc1 Bb7 29. Qxd7 Bxf3 30. Qa4 Be2 31. Qc2 Bb5 32. Qc5 Kh7 33. Be3 Rd7 34. Qc3
Rxd6 0-1

[Event "Guernsey International Chess Festival 2"]
[Site "?"]
[Date "2019.10.25"]
[Round "6.7"]
[White "Van Dijk, Bram"]
[Black "Dilleigh, Stephen P"]
[Result "0-1"]
[WhiteElo "1982"]
[BlackElo "2037"]
[PlyCount "92"]
[EventDate "2019.??.??"]

1. e4 e6 2. d4 d5 3. e5 c5 4. Nf3 Nc6 5. Bd3 cxd4 6. O-O f6 7. Bf4 g5 8. Bg3 g4
9. Nfd2 fxe5 10. Bb5 Bd6 11. Qxg4 Nf6 12. Qh4 Qe7 13. Nf3 Nd7 14. Qh6 Qf7 15.
Ng5 Qg6 16. Qxg6+ hxg6 17. Nd2 Ke7 18. Ndf3 Rh5 19. Bh4 Nf6 20. Bxc6 bxc6 21.
g3 c5 22. b4 cxb4 23. Rfe1 e4 24. Nxd4 Bd7 25. f3 Bc5 26. Rad1 e5 27. fxe4
Bxd4+ 28. Rxd4 exd4 29. e5 Ng4 30. e6 Bb5 31. Nf3+ Rxh4 32. gxh4 Rf8 33. Nxd4
Ba4 34. h3 Nf2 35. a3 Nxh3+ 36. Kh2 Rf4 37. Ne2 Re4 38. Kxh3 Bb5 39. Rg1 Rxe2
40. Rxg6 Re3+ 41. Kg4 bxa3 42. Kf5 a6 43. h5 a2 44. Rg7+ Kd6 45. Rg1 Rf3+ 46.
Kg6 Rf1 0-1

[Event "Guernsey International Chess Festival 2"]
[Site "?"]
[Date "2019.10.25"]
[Round "6.9"]
[White "White, Nigel"]
[Black "Pleasants, Allan J"]
[Result "0-1"]
[WhiteElo "1975"]
[BlackElo "2019"]
[PlyCount "130"]
[EventDate "2019.??.??"]

1. e4 g6 2. d4 Bg7 3. Nc3 d6 4. Be3 a6 5. Qd2 b5 6. f3 Nd7 7. h4 h6 8. Nge2 Nb6
9. Ng3 Nf6 10. h5 g5 11. Bd3 Rb8 12. Nce2 c6 13. b3 Qc7 14. c3 c5 15. Kf2 Be6
16. Bc2 a5 17. Rac1 a4 18. Ra1 Ra8 19. Rhc1 Bd7 20. Ng1 Bf8 21. Qe2 e6 22. Qd2
Be7 23. N1e2 Bc6 24. Rh1 Nfd7 25. Rhe1 Bb7 26. Kg1 Rg8 27. Nh1 g4 28. f4 g3 29.
Nexg3 Bh4 30. Bf2 Nf6 31. f5 Ng4 32. fxe6 Nxf2 33. exf7+ Qxf7 34. Qxf2 Qg7 35.
Kh2 Qg5 36. Qe3 Bxg3+ 37. Nxg3 Qh4+ 38. Kg1 Qxg3 39. Re2 Qxe3+ 40. Rxe3 axb3
41. Bxb3 c4 42. Bd1 Bc6 43. Bf3 Ra3 44. Kf2 Na4 45. g4 Rxc3 46. Rxc3 Nxc3 47.
Ke3 Ke7 48. d5 Bd7 49. Kd4 Na4 50. Re1 Kf6 51. Bd1 Nb2 52. Be2 Kg5 53. Rf1 Nd3
54. Bxd3 cxd3 55. Kxd3 Bxg4 56. Kd4 Kxh5 57. e5 dxe5+ 58. Kxe5 Kg5 59. Rb1 Ra8
60. Rb2 h5 61. Kd6 h4 62. Kc7 h3 63. d6 Ra7+ 64. Kc6 Kh4 65. Kb6 Rh7 0-1

[Event "Guernsey International Chess Festival 2"]
[Site "?"]
[Date "2019.10.25"]
[Round "6.10"]
[White "Goris, Ton"]
[Black "Reijneveld, Ad"]
[Result "1-0"]
[WhiteElo "1913"]
[BlackElo "2056"]
[PlyCount "66"]
[EventDate "2019.??.??"]

1. e4 c5 2. c3 g6 3. d4 cxd4 4. cxd4 d5 5. Nc3 dxe4 6. Bc4 Nf6 7. Qb3 e6 8. d5
exd5 9. Nxd5 Nxd5 10. Bxd5 Qe7 11. Qc3 Qb4 12. Bd2 Qxc3 13. Bxc3 Rg8 14. Bxe4
Nc6 15. Nf3 Bg7 16. Rc1 Bd7 17. O-O Bxc3 18. Rxc3 Kf8 19. Rd1 Be8 20. Nd4 Nd8
21. Rc7 Rb8 22. Bd5 Kg7 23. Re1 a5 24. Ree7 b6 25. f4 Kf6 26. g4 h6 27. h4 g5
28. fxg5+ hxg5 29. h5 b5 30. Nf5 Ne6 31. Bxe6 fxe6 32. Nd4 Rb6 33. Nf3 Rc6 1-0

[Event "Guernsey International Chess Festival 2"]
[Site "?"]
[Date "2019.10.25"]
[Round "6.11"]
[White "Prins, Jan H"]
[Black "Sikkel, Dirk"]
[Result "1-0"]
[WhiteElo "1987"]
[BlackElo "1918"]
[PlyCount "95"]
[EventDate "2019.??.??"]

1. d4 g6 2. Bf4 Bg7 3. e3 d6 4. Bc4 a6 5. a4 b6 6. Nf3 Nf6 7. h3 e6 8. Bb3 Bb7
9. Nbd2 O-O 10. O-O Nc6 11. c3 Qe7 12. Qc2 Rac8 13. Rfe1 Na5 14. e4 Nxb3 15.
Qxb3 Nd7 16. a5 e5 17. Bg3 Qe6 18. Qxe6 fxe6 19. dxe5 dxe5 20. Nc4 b5 21. Ncxe5
Nc5 22. Ng5 Bxe5 23. Bxe5 Nd3 24. Bg3 Nxe1 25. Rxe1 Rfe8 26. Be5 h6 27. Nf3 c5
28. Nh2 h5 29. Nf3 Rcd8 30. Bc7 Rd7 31. Bb6 Rc8 32. Re2 Kg7 33. Ne5 Rd1+ 34.
Kh2 Kf6 35. Nf3 e5 36. h4 b4 37. cxb4 cxb4 38. Ng5 Bc6 39. Re3 Ba4 40. Rf3+ Kg7
41. Ne6+ Kg8 42. Rf6 Bd7 43. Ng5 Rc6 44. Rf7 Be6 45. Re7 Rdd6 46. Bc7 Rd7 47.
Re8+ Kg7 48. Bxe5+ 1-0

[Event "Guernsey International Chess Festival 2"]
[Site "?"]
[Date "2019.10.25"]
[Round "6.12"]
[White "Magnussen, Pal"]
[Black "Kraft, Karl Heinz"]
[Result "0-1"]
[WhiteElo "1983"]
[BlackElo "1986"]
[PlyCount "94"]
[EventDate "2019.??.??"]

1. e4 e6 2. d4 d5 3. exd5 exd5 4. c4 Bb4+ 5. Nc3 Ne7 6. Nf3 O-O 7. Bd3 Bf5 8.
O-O dxc4 9. Bxc4 Bg4 10. Ne4 Nbc6 11. Neg5 Bh5 12. a3 Bd6 13. b4 a6 14. Nxh7
Bxf3 15. Qxf3 Kxh7 16. Bxf7 Rxf7 17. Qxf7 Ng6 18. Qf5 Qh4 19. g3 Qxd4 20. Qh5+
Kg8 21. Be3 Qf6 22. Rae1 Rf8 23. f4 Qf5 24. Qd1 Nge7 25. Bc1 Qh3 26. Qb3+ Kh7
27. Bb2 Nf5 28. Qd3 Rd8 29. Qe4 Kh8 30. Qe6 Bf8 31. Rd1 Rd6 32. Rxd6 Bxd6 33.
Re1 Nce7 34. Be5 Bxe5 35. Qxe5 Ng6 36. Qxc7 Nxg3 37. Qc2 Nf5 38. Re8+ Kh7 39.
Qe4 Qg4+ 40. Kh1 Nd6 41. Qe2 Qf5 42. Re3 Nxf4 43. Qf2 g5 44. Qa2 Nc4 45. Re7+
Kg6 46. Kg1 Qg4+ 47. Kf1 Qf3+ 0-1

[Event "Guernsey International Chess Festival 2"]
[Site "?"]
[Date "2019.10.25"]
[Round "6.13"]
[White "Taylor, Mark V"]
[Black "Morcom, Huw"]
[Result "1/2-1/2"]
[WhiteElo "1921"]
[BlackElo "1906"]
[PlyCount "47"]
[EventDate "2019.??.??"]

1. d4 Nf6 2. Nc3 d6 3. e4 g6 4. Bg5 Bg7 5. Qd2 h6 6. Bh4 c6 7. f3 b5 8. Bd3 a6
9. Nge2 Nbd7 10. O-O Qb6 11. Bf2 Qc7 12. a4 Bb7 13. Nd1 Rc8 14. Ne3 O-O 15. c3
Qb6 16. Bc2 Qc7 17. Ng3 e5 18. Bb3 c5 19. Rac1 c4 20. Ba2 Nb6 21. axb5 axb5 22.
Nc2 Rfd8 23. d5 Nbd7 24. Nb4 1/2-1/2